Clic Quel animal est ce personnage de Disney ? (3) - Statistiques

Statistiques générales
  • Ce quiz a été pris 101 fois
  • Le résultat moyen est 10 sur 40
Statistiques - réponses
Hint Explanation Réponse % Correct
Millie Mouse Cartoons Souris
88%
Minnie Mouse Cartoons Souris
82%
Tic Cartoons Ecureuil
80%
Donald Dingue Cartoons Canard
70%
Raja Cartoons Tigre
63%
Roi Richard Robin des Bois Lion
61%
Popop Duck Bande dessinée Canard
54%
Sonic Les mondes de Ralph Hérisson
49%
Féline Bambi Biche
38%
Géo Trouvetou Cartoons Canard
32%
Toby Dick Cartoons Canard
32%
Hippoly Cartoons Hippopotame
32%
Vixy Rox et Rouky Renard
29%
Flit Pocahontas Colibri
28%
Flotsam La petite sirène Murène
26%
Muche Cartoons Elan
25%
Miss Caloway La ferme se rebelle Vache
24%
Zaza Cartoons Canard
22%
Truc Cartoons Elan
22%
Naf-naf Cartoons Cochon
20%
Crapule Pinocchio Ane
13%
Clara Cluck Cartoons Poule
9%
Cornélius Ecoutum Cartoons Canard
8%
Mr Big Zootopie Musaraigne
8%
Bill Alice au pays des merveilles Lézard
7%
Khan Mulan Cheval
5%
Poudre à canon Le crapaud et le maître d'école Cheval
5%
Jenny Cartoons Ane
4%
Boniface Robin des Bois Ours
4%
Bartholomée Basil détective privé Rat
4%
Princesse Les 101 dalmatiens Vache
4%
Comtesse Les 101 dalmatiens Vache
4%
Genius Cartoons Corbeau
3%
Luke Les aventures de Bernard et Bianca Rat musqué
3%
Basile Robin des Bois Renard
3%
Geno Bambi Biche
1%
Twist Rox et Rouky Chenille
1%
Léon Chicken Little Dindon
1%
Basil Cartoons Ane
0%
Duchesse Les 101 dalmatiens Vache
0%
Aucun quiz correspondant
Distribution des résultats
% des personnes avec chaque résultat
Percentile par nombre de réponses
Votre historique - résultats
Vous n’avez pas pris ce quiz